<?xml version="1.0" encoding="UTF-8"?><?xml-stylesheet type="text/xsl" href="static/style.xsl"?><OAI-PMH xmlns="http://www.openarchives.org/OAI/2.0/" xmlns:xsi="http://www.w3.org/2001/XMLSchema-instance" xsi:schemaLocation="http://www.openarchives.org/OAI/2.0/ http://www.openarchives.org/OAI/2.0/OAI-PMH.xsd"><responseDate>2026-04-17T23:16:27Z</responseDate><request verb="GetRecord" identifier="oai:riubu.ubu.es:10259/5601" metadataPrefix="marc">https://riubu.ubu.es/oai/request</request><GetRecord><record><header><identifier>oai:riubu.ubu.es:10259/5601</identifier><datestamp>2023-01-31T23:42:07Z</datestamp><setSpec>com_10259_4313</setSpec><setSpec>com_10259_5086</setSpec><setSpec>com_10259_2604</setSpec><setSpec>col_10259_4314</setSpec></header><metadata><record xmlns="http://www.loc.gov/MARC21/slim" xmlns:doc="http://www.lyncode.com/xoai" xmlns:xsi="http://www.w3.org/2001/XMLSchema-instance" xmlns:dcterms="http://purl.org/dc/terms/" xsi:schemaLocation="http://www.loc.gov/MARC21/slim http://www.loc.gov/standards/marcxml/schema/MARC21slim.xsd">
<leader>00925njm 22002777a 4500</leader>
<datafield tag="042" ind1=" " ind2=" ">
<subfield code="a">dc</subfield>
</datafield>
<datafield tag="720" ind1=" " ind2=" ">
<subfield code="a">Nuvoli, Luca</subfield>
<subfield code="e">author</subfield>
</datafield>
<datafield tag="720" ind1=" " ind2=" ">
<subfield code="a">Conte, Paola</subfield>
<subfield code="e">author</subfield>
</datafield>
<datafield tag="720" ind1=" " ind2=" ">
<subfield code="a">Fadda, Costantino</subfield>
<subfield code="e">author</subfield>
</datafield>
<datafield tag="720" ind1=" " ind2=" ">
<subfield code="a">Reglero Ruiz, José A.</subfield>
<subfield code="e">author</subfield>
</datafield>
<datafield tag="720" ind1=" " ind2=" ">
<subfield code="a">García Pérez, José Miguel</subfield>
<subfield code="e">author</subfield>
</datafield>
<datafield tag="720" ind1=" " ind2=" ">
<subfield code="a">Baldino, Salvatore</subfield>
<subfield code="e">author</subfield>
</datafield>
<datafield tag="720" ind1=" " ind2=" ">
<subfield code="a">Mannu, Alberto</subfield>
<subfield code="e">author</subfield>
</datafield>
<datafield tag="260" ind1=" " ind2=" ">
<subfield code="c">2021-02</subfield>
</datafield>
<datafield tag="520" ind1=" " ind2=" ">
<subfield code="a">Films with different morphology can be obtained by mixing fish gelatin, Tara gum and glycerol in different ratio and by subjecting the Tara gum to a ball milling treatment before its use. The amount of the plasticizer glycerol, as well as the type of Tara gum employed (as received or milled) resulted, from SEM and AFM analyses, to strong influencing the morphology of the films and their density. Also, the morphological differences determine different thermal and mechanical behaviours. In particular, the employment of milled Tara gum allows to improve the thermal stability, as well as the mechanical properties of the polymers. A similar outcome can be obtained by increasing the glycerol content, which can be used up to 20 wt%. Glycerol amounts exceeding that percentage, are detrimental for the quality of the films and reduce their thermal and mechanical performances.</subfield>
</datafield>
<datafield tag="024" ind2=" " ind1="8">
<subfield code="a">0032-3861</subfield>
</datafield>
<datafield tag="024" ind2=" " ind1="8">
<subfield code="a">http://hdl.handle.net/10259/5601</subfield>
</datafield>
<datafield tag="024" ind2=" " ind1="8">
<subfield code="a">10.1016/j.polymer.2020.123244</subfield>
</datafield>
<datafield ind1=" " ind2=" " tag="653">
<subfield code="a">Tara gum</subfield>
</datafield>
<datafield ind1=" " ind2=" " tag="653">
<subfield code="a">Gelatin fish</subfield>
</datafield>
<datafield ind1=" " ind2=" " tag="653">
<subfield code="a">Biofilms</subfield>
</datafield>
<datafield tag="245" ind1="0" ind2="0">
<subfield code="a">Structural, thermal, and mechanical properties of gelatin-based films integrated with tara gum</subfield>
</datafield>
</record></metadata></record></GetRecord></OAI-PMH>